All'alba sorgerò - Testo - Statistics

Statistiche generali
  • Questo quiz è stato fatto 229 volte
  • Il punteggio medio è 156 su 217
Statistiche sulle risposte
Testo % Corretto
A
98%
a
98%
so
98%
è
91%
e
91%
E
91%
il
90%
Il
90%
io
90%
Io
90%
La
90%
la
90%
mi
88%
no!
87%
me
86%
me!
86%
ne
86%
alba
84%
mia
84%
mia!
84%
sorgerò!
84%
che
83%
all'
82%
sono
82%
Sono
82%
di
81%
In
81%
in
81%
Non
81%
non
81%
po'
81%
81%
si
81%
neve
80%
lo
79%
un
79%
Un
79%
da
77%
Da
77%
Per
76%
per
76%
cade
75%
col
75%
mio
75%
regina
75%
Se
75%
sé!
75%
se
75%
ma
74%
poi
74%
regno
74%
cuore
73%
Ormai
73%
ormai
73%
più
73%
più!
73%
questo
73%
sopra
73%
freddo
72%
suo
72%
nel
71%
qui
71%
tutto
71%
casa
70%
già
70%
tempesta
70%
copre
69%
oggi
69%
D'ora
68%
mondo
68%
remoto
68%
solo
68%
va
68%
va!
68%
volonta!
68%
fermerà
67%
fermerà!
67%
lascerò
66%
una
66%
Ho
65%
perché
65%
Perché
65%
sola
65%
appartiene
64%
Così
64%
guidi
63%
via
63%
colpa
62%
irrompe
62%
mai
62%
ogni
62%
Resto
62%
resto
62%
destino
61%
Sole
61%
altro
60%
andrò
60%
ghiaccio
58%
virtù
58%
sentirò
56%
bugia
55%
difetto
55%
quel
54%
poter
53%
vera
53%
vivrò
53%
identità
52%
libertà!
52%
posto
52%
sempre
52%
cambierò!
51%
Nessun
51%
volte
51%
brio
50%
ostacolo
50%
storia
50%
bene
49%
cosa
49%
fermerò
49%
passa
49%
affronterò!
47%
come
47%
conservato
47%
Può
47%
scappare
47%
tramonterò
47%
qua
45%
salto
45%
sembrare
45%
enorme
44%
realtà!
44%
scoprirò!
44%
intorno
43%
troverò
43%
cristallizza
42%
diffonde
42%
Ecco
42%
pensiero
40%
potere
40%
accanto
39%
Scorderò
35%
aumenta
34%
Nessun quiz corrispondente trovato
Distribuzione punteggi
Percentuale di utenti per punteggio
Percentile per numero di risposta
I tuoi punteggi nel tempo
Non hai fatto questo quiz